Vitaj v Božej rodine príručka základov pre Duchom naplnený život

Bibliographic Details
Main Author: Hagin, Kenneth E., 1917-2003 (Author)
Other Authors: Jakab, Luboslav (Translator)
Format: Book
Language:Slovak
PhysicalDescription:109 s. 21 cm
Published: Humenné Kresťanské spoločenstvo 2010
ISBN:9788089098132
Edition:2. slov. vyd.
Subjects:

MARC

LEADER 00000cam a2200000 a 4500
001 vtls010115048
003 SK-MaSNL
005 20260302081632.0
008 240315s2010 xo f 000 0dslo
015 |a SNBA2010/09-05138 
020 |a 9788089098132  |z 9788089098149 (brož.) 
035 |a 54A81CF6-2E61-4CAE-B253-875CF0E964C4 
035 |a urn:nbn:sk:snk-amkalr 
035 |a urn:nbn:sk:snk-am0048es 
040 |a SNK  |b slo  |c SNK  |e AACR2 
041 1 |a slo  |h [eng] 
044 |a xo  |c SK 
072 7 |a 27-5  |x Kresťanské umenie a symbolika. Duchovný život  |2 konspekt 
080 |a 27-584  |2 2001 
080 |a 27.184.3  |2 2001 
080 |a 27-277.2  |2 2001 
080 |a (035)  |2 2001 
100 1 |a Hagin, Kenneth E.,  |d 1917-2003  |4 aut  |9 133864 
245 1 0 |a Vitaj v Božej rodine  |b príručka základov pre Duchom naplnený život  |c Kenneth E. Hagin ; [preklad Luboslav Jakab] 
250 |a 2. slov. vyd. 
260 |a Humenné  |b Kresťanské spoločenstvo  |c 2010 
300 |a 109 s.  |c 21 cm 
366 |e 2000 výt. 
504 |a Biogr. údaje 
650 0 7 |a duchovný život  |2 SNKPH  |9 1807 
650 0 7 |a kresťanská viera  |2 SNKPH  |9 1712 
650 0 7 |a biblické citáty  |2 SNKPH  |9 1914 
650 0 7 |a Spiritual life  |2 SNKPHeng  |9 265583 
650 0 7 |a Christian faith  |2 SNKPHeng  |9 266204 
650 0 7 |a Biblical quotations  |2 SNKPHeng  |9 268253 
655 7 |a príručky  |2 SNKPHeng  |9 74364 
655 7 |a Handbooks, manuals, etc.  |2 SNKPHeng  |9 90964 
700 1 |a Jakab, Luboslav  |4 trl  |9 325559 
852 |a Štátna vedecká knižnica v Banskej Bystrici 
919 |a 978-80-89098-13-2 
958 |a OP 
958 |a NT 
968 |b ENG  |d 2 
999 |c 1177209  |d 1179139 
952 |a SNK  |b SNK  |y PREZ  |7 0  |p 17A0666027  |o snkSC 141263  |i snk2010/15260  |8 0  |0 0  |1 0  |4 0  |d 2010-07-20  |f 1  |l 0  |r 2025-07-09 00:00:00  |w 2026-02-24 
952 |a SNK  |b SNK  |y VYP  |7 0  |p 17A0666028  |o snkSC 141263 D1  |i snk2010/15261  |8 0  |0 0  |1 0  |4 0  |d 2010-07-20  |l 0  |r 2026-02-24 21:26:22  |w 2026-02-24